书目信息 |
| 题名: |
建设安装工程入门与提高
|
|
| 作者: | 赵志曼 编 | |
| 分册: | ||
| 出版信息: | 北京 机械工业出版社 2005.06 |
|
| 页数: | 490页 | |
| 开本: | 26cm | |
| 丛书名: | ||
| 单 册: | ||
| 中图分类: | TU758 | |
| 科图分类: | ||
| 主题词: | 建筑安装工程--基本知识 | |
| 电子资源: | ||
| ISBN: | 7-111-16389-3 | |
| 000 | 00955nam0 2200241 450 | |
| 001 | 010229869624 | |
| 005 | 20051110085126.83 | |
| 010 | @a7-111-16389-3@dCNY55.00 | |
| 100 | @a20050721d2005 km y0chiy0120 ea | |
| 101 | 0 | @achi |
| 102 | @aCN@b110000 | |
| 105 | @aa a 000yy | |
| 200 | 1 | @a建设安装工程入门与提高@Ajian she an zhuang gong cheng ru men yu ti gao@f赵志曼编@Fzhao zhi man bian |
| 210 | @a北京@c机械工业出版社@d2005.06 | |
| 215 | @a490页@c图@d26cm | |
| 320 | @a有书目 (第489-490页)。 | |
| 330 | @a本书从识图、材料与施工、设备安装3个方面系统而详细地介绍了建设工程及其相关专业的基础知识,在为从事建设安装工程的技术人员提供基础理论知识的同时,立足于实际应用,并结合专业特点,列举了具有典型性和代表性的工程实例。 | |
| 333 | @a建设工程安装技术人员,土建技术人员,相关专业院校师生 | |
| 606 | 0 | @a建筑安装工程@x基本知识 |
| 690 | @aTU758@v4 | |
| 701 | 0 | @a赵志曼@Azhao zhi man@4编 |
| 801 | 0 | @aCN@bQSSK@c20051110 |
| 905 | @a10447@dTU758@eZ344 | |
| 建设安装工程入门与提高/赵志曼编.-北京:机械工业出版社,2005.06 |
| 490页:图;26cm |
| 使用对象:建设工程安装技术人员,土建技术人员,相关专业院校师生 |
| ISBN 7-111-16389-3:CNY55.00 |
| 本书从识图、材料与施工、设备安装3个方面系统而详细地介绍了建设工程及其相关专业的基础知识,在为从事建设安装工程的技术人员提供基础理论知识的同时,立足于实际应用,并结合专业特点,列举了具有典型性和代表性的工程实例。 |
| ● |
| 相关链接 |
|
|
|
正题名:建设安装工程入门与提高
索取号:TU758/Z344
 
预约/预借
| 序号 | 登录号 | 条形码 | 馆藏地/架位号 | 状态 | 备注 |
| 1 | 573419 | 205734197 | 建筑库201/201建筑库 43排5列1层/ [索取号:TU758/Z344] | 在馆 | |
| 2 | 573420 | 205734204 | 建筑库201/201建筑库 43排5列1层/ [索取号:TU758/Z344] | 在馆 |